000 00410nam a2200169 a 4500
001 0000-8980
003 ELIB.Books
008 110520 1993
035 _a(ELIB.Books)0000-9129
082 _a266
_bBos
100 _aBosch, David J.
245 _aTransforming Mission
260 _bMaryknoll: Orbis Books
_c1993
650 _aMission
942 _2ddc
_cBK
998 _cbat
_e2011-05-20
999 _c8980
_d8980